Villes de France par Images 3 - Statistiques

Statistiques générales
  • Ce quiz a été pris 895 fois
  • Le résultat moyen est 5 sur 20
Statistiques - réponses
Par images Réponse % Correct
Saint-Denis
68%
Carcassonne
64%
Albi
45%
Saint-Nazaire
38%
Dunkerque
34%
Bourg-en-Bresse
33%
Bastia
32%
Nanterre
32%
Ajaccio
22%
Montauban
21%
Narbonne
21%
Lorient
19%
Poitiers
19%
Créteil
14%
Beauvais
13%
Valence
11%
Vichy
10%
Valenciennes
9%
Chalon-sur-Saône
7%
Châlons-en-Champagne
3%
Aucun quiz correspondant
Distribution des résultats
% des personnes avec chaque résultat
Percentile par nombre de réponses
Votre historique - résultats
Vous n’avez pas pris ce quiz